Top 30 Canciones Daddy Yankee - Estadísticas

Estadísticas generales
  • Esta prueba ha sido intentada 58 veces
  • La puntuación promedio es 11 de 30
Estadísticas de respuestas
Feat Canción % Correcto
Luis Fonsi Despacito
98%
- Gasolina
86%
Luis Fonsi, Justin Bieber Despacito - Remix
70%
Anuel AA, Karol G, Ozuna, J Balvin China
64%
Bad Bunny, Lunay Soltera - Remix
57%
- Dura
55%
- Limbo
52%
- Con Calma
46%
- Llamado de emergencia
41%
Bad Bunny Vuelve
41%
Natti Natasha, Becky G, Bad Bunny Dura - Remix
38%
Anuel AA, Zion & Lennox, Farruko, Wisin Sola - Remix
38%
Bad Bunny La Santa
36%
Chino & Nacho Andas en mi cabeza
32%
- La Despedida
29%
- Lo que pasó, pasó
29%
Romeo Santos, Nicky Jam Bella y Sensual
27%
- Ella me levantó
27%
Sech, J Balvin, Rosalía, Farruko Relación - Remix
27%
Zion & Lennox Tu Príncipe
27%
Bad Bunny X ÚLTIMA VEZ
23%
Anuel AA Adictiva
21%
Ozuna, J Balvin, Farruko, Anuel AA Baila Baila Baila - Remix
21%
- Rompe
21%
Ozuna La Rompe Corazones
20%
Charly Black Gyal You A Party Animal - Remix
14%
Wisin & Yandel, Héctor "el Father", Zion, Tonny Tun Tun Noche de entierro
14%
- Shaky Shaky
14%
Nicky Jam Muévelo
11%
Wisin & Yandel Si Supieras
7%
No se encontraron pruebas coincidentes
Distribución de puntuación
Porcentaje de gente con cada puntuación
Porcentaje por número respondido
Historial de tus puntuaciones
No has intentado esta prueba.